000 00323nam a22001457a 4500
008 210226b ||||| |||| 00| 0 eng d
020 _a9781932529234
041 _aeng
080 _a616.8
082 _a616.8
100 _a7
101 _aTRU
245 _aAlzheimer's from the inside out
_cTaylor, R
942 _2udc
_cBK
999 _c55257
_d55257